Eksperimen dengan kemagnetan

Bibliographic Details
Main Author: Whalley, Margaret
Format: Book
Published: Petaling Jaya : Flo Enterprise , 1992
Series:Dunia ajaib sains
Subjects:

MARC

LEADER 00000cam a2200000 7i4500
001 0000007220
005 20111206.0
020 |a 9679713032 
090 0 0 |a 500   |b WHA 
100 1 |a Whalley, Margaret 
245 1 0 |a Eksperimen dengan kemagnetan   |c Margaret Whalley 
260 |a Petaling Jaya :   |b Flo Enterprise ,   |c 1992 
300 |a 32 p. :   |b ill. ;   |c 27 cm. 
490 0 |a Dunia ajaib sains 
650 0 0 |a Magnetism   |x Experiments   |x Juvenile literature 
999 |a 051811   |b BUKU   |c PINJAMAN   |e PERPUSTAKAAN KOMUNITI PETALING JAYA 
999 |a 051812   |b BUKU   |c JUNIOR BOOKS   |e PERPUSTAKAAN KOMUNITI PETALING JAYA 
999 |a 051813   |b BUKU   |c JUNIOR BOOKS   |e PERPUSTAKAAN KOMUNITI PETALING JAYA